Skip to content
Inicio
Centros participantes
Catálogo
Servicios
Contacto
Login
English
Deutsch
Español
Français
Italiano
日本語
Nederlands
Português
Português (Brasil)
中文(简体)
中文(繁體)
Türkçe
עברית
Gaeilge
Cymraeg
Ελληνικά
Català
Euskara
Русский
Čeština
Suomi
Svenska
polski
Dansk
slovenščina
اللغة العربية
বাংলা
Galego
Tiếng Việt
Hrvatski
हिंदी
Հայերէն
Українська
Sámegiella
Language
All Fields
Title
Author
Subject
Call Number
ISBN/ISSN
Tag
Find
Advanced
¿ Qué es el SELA?
Cite this
Email this
Print
Export Record
Export to RefWorks
Export to EndNoteWeb
Export to EndNote
Save to List
Permanent link
Add first rating
¿ Qué es el SELA?
Saved in:
Bibliographic Details
Corporate Author:
SELA
Format:
Text
Published:
s.l.:
SELA
Tags:
Add Tag
No Tags, Be the first to tag this record!
Holdings
Description
Comments
Similar Items
Staff View
MARC
LEADER
00000 a a2200000 04500
001
22459
003
040
090
|a
152900
110
|a
SELA
245
|a
¿ Qué es el SELA?
260
|a
s.l.:
|b
SELA
300
|a
13 p.
999
|c
11942
|d
11942
Similar Items
Políticas de estabilización y deuda externa en El Salvador /
by: Saca, Nolvia
Los Derechos humanos en el sistema interamericano: Recopilación de instrumentos básicos /
by: Zovatto Garetto, Daniel
Cuantificación del plan de emergencia contemplado dentro del plan de acción inmediata
U.S. Policy toward Latin America from regionalism to globalism
by: Molineu, Harold